| Поле | Название | Значение |
| |
Тип записи |
a |
| |
Библиографический уровень |
m |
| 001 |
Контрольный номер |
RU/IS/BASE/427379821 |
| 005 |
Дата корректировки |
20201206204601.5 |
| 010 |
Индекс ISBN |
__ |
| a |
ISBN |
978-985-405-453-7 |
| d |
Цена |
52-71 |
| 101 |
Язык документа |
__ |
| a |
Язык текста |
rus |
| c |
Язык оригинала |
rus |
| 200 |
Заглавие и сведения об ответственности |
__ |
| a |
Заглавие |
Планета периодика |
| f |
Первые сведения об ответственности |
Л. И. Жук |
| b |
Общее обозначение материала |
Текст |
| 210 |
Выходные данные |
__ |
| a |
Место издания |
Минск |
| c |
Издательство |
Красико-Принт |
| d |
Дата издания |
2008 |
| 215 |
Физическое описание |
__ |
| a |
Объем |
128 с. |
| 330 |
Аннотация |
__ |
| a |
Аннотация |
Представлены современные игровые сценарии, посвященные периодическим изданиям. Их можно использовать для творческих постановок в познавательных целях. |
| 606 |
Тематические рубрики |
__ |
| a |
Основная рубрика |
Образование. Педагогика |
| 606 |
Тематические рубрики |
__ |
| a |
Основная рубрика |
Теория и методика воспитания |
| 610 |
Ключевые слова |
__ |
| a |
Ключевые слова |
периодика; периодические издания; читательские конференции; детские газеты; детские журналы; пресс-конференции; интеллектуальное развитие; интеллектуальные конкурсы; история газеты; школьные библиотеки; школьные вечера; школьные праздники; школьные газеты; сценарии; тема периодики; тема периодических изданий |
| 686 |
Индексы других классификаций |
__ |
| a |
Классификационный индекс |
74.200.585.81 |
| 801 |
Источник записи |
_0 |
| a |
Страна |
RU |
| b |
Организация |
Муниципальное бюджетное учреждение культуры "Централизованная библиотечная система" г. Сургут (Центральная городская библиотека им. А. С. Пушкина) |
| g |
Правила каталогизации |
КиК/Елгина |
| 801 |
Источник записи |
_1 |
| a |
Страна |
RU |
| b |
Организация |
Муниципальное бюджетное учреждение культуры "Централизованная библиотечная система" г. Сургут (Центральная городская библиотека им. А. С. Пушкина) |
| g |
Правила каталогизации |
КиК/Елгина |
| 852 |
Данные о местонахождении |
__ |
| j |
Шифр хранения |
74.200.585.81 |
| c |
Каталожный индекс |
74.200.58 |
| i |
Авторский знак |
П 37 |
| 901 |
Тип документа |
__ |
| t |
Тип документа |
m |
| 903 |
Характеристики (МАРС) |
__ |
| a |
Дата передачи |
20080723 |
| 990 |
Данные о заказе (DOS) |
__ |
| j |
Количество экземпляров (DOS) |
1 |
| h |
N записи в КСУ для Б/У (DOS) |
200807 |